Państwa założycielskie Unie Europejską - Statystyki

Ogólne statystyki
  • Ten quiz został rozwiązany 173 razy
  • Średni wynik to 5 z 6
Statystyki odpowiedzi
Litera na którą się kończy Kraj % Poprawnych
Y Niemcy
96%
A Francja
94%
A Belgia
87%
A Holandia
82%
G Luksemburg
82%
Y Włochy
78%
Nie znaleziono quizów pasujących do podanych kryteriów
Rozkład punktacji
Procent ludzi z każdym wynikiem
Percentyl według liczby udzielonych odpowiedzi
Twoja historia wyników
Nie rozwiązałeś tego quizu